000 01655cam a2200313 4500
008 090401t1995 xxu||||| |||| 00| 0 eng d
020 _a1857280520
035 _a(Sirsi) u45568
041 _aeng
050 _a333.33709485
_c18
100 _aKalbro, Thomas
245 _aUrban land and property markets in Sweden
260 _aLondon
_bUCL Press
_c1995
300 _ax, 193p.
_c24cm.
350 _a45
490 _aUCL Press European Urban Land and Property Markets
_v5
505 _aBasic information: the constitutional and legal framework; the economic framework; the spatial, demographic and social framework; land, property and construction
505 _aThe policy environment: general land policy; policy for the environment; housing policy; urban design and urban renewal policy; change of direction
505 _aThe legal framework: the legal environment; the financial environment; the tax and subsidy environment
505 _aThe process: price setting; the actors; the process
505 _aThe urban property market: land for agriculture and forestry; undeveloped building plots; site leasehold; single-family dwellings; second homes; tenement buildings; industrial properties; tax-exempt units
505 _aCase studies: Barnsjo, municipality of Tyreso; Sodra Sticklinge, municipality of Lidingo; Uddaberg, municipality of Solna; the sale of freehold and tenant-owner properties
520 _aComprehensive guide to the Swedish property market. Includes cases studies and bibliography.
650 _aSWEDEN
690 _aPROPERTY-PROPERTY MARKET
700 _aMattson, Hans
942 _n0
948 _c04/03/1997
999 _c91765
_d91765